000 00654nam a2200241Ia 4500
003 OSt
005 20220918183329.0
006 a|||||r|||| 00| 0
007 ta
008 220917b |||||||| |||| 00| 0 eng d
024 _a37,405
037 _cTextual
040 _aARTS
_cARTS
_beng
041 _2eng
_aeng
082 _aO113,3M83,C, 111J7
100 _aKafka Franz
_920210
245 0 _aCastle tr by Eithne Wilkins and Ernst Kaiser
250 _a4th
260 _aLondon
_bSecker and Warburg
_c1957
650 _aENGLISH LITERATURE
942 _hO113,3M83,C, 111J7
_cTEXL
_2CC
999 _c172281
_d172281